00936nam a2200241 a 450000100060000000300080000600500170001400800410003103500190007204000320009104100080012308200180013110000560014924501010020526000500030630000250035650400410038165000760042270000320049894200120053099900170054295201350055943242BD-RjUL20211209053652.0160620s1967 ilu b 001 0 eng d a(BD-RjUL)43360 aDLCcDLCdUKMdBD-RjULbeng aeng a340bHAL 19671 aHannah, Harold W.q(Harold Winford),d1911-913282714aThe legal base for universities in developing countries /cby H. W. Hannah and Robert R. Caughey aUrbana :bUniversity of Illinois Press,c1967 axix, 455 p. ;c24 cm aBibliography: p. [422]-426 and index 0aUniversities and collegeszDeveloping countriesxAdministration9132828 aCaughey, Robert R. 9132829 2ddccBK c43242d43242 00102ddc40708NFICaRUCLbRUCLcStackd1970-09-02eZeitlingerg80.00l0o340 HAL 1967r2016-06-20 00:00:00tC-2w2016-06-20yBK